| 000 | 01357nam a2200349 i 4500 | ||
|---|---|---|---|
| 001 | 8650 | ||
| 003 | KOSZ 005 | ||
| 005 | 20250801065400.0 | ||
| 008 | 070620s1968 pl a g f 001 0 pol | ||
| 015 | _aPB 1969/2214 | ||
| 040 |
_aWA N _cKOSZ 005/RW _dKOSZ 005/RW |
||
| 041 | 1 |
_apol _hger _hrus |
|
| 080 | _a51 | ||
| 080 | _a(07) | ||
| 100 | 1 |
_aBronštejn, Il'â Nikolaevič. _eAutor |
|
| 245 | 1 | 0 |
_aMatematyka : _bporadnik encyklopedyczny / _cI. N. Bronsztejn i K. A. Siemiendiajew ; [tł. Stefan Czarnecki, Robert Bartoszyński]. |
| 246 | 1 |
_iTyt. oryg.: _aSpravočnik po matematike dlâ inženerov i učaščichsâ vtuzov. |
|
| 246 | 1 |
_iPodst. tł.: _aTaschenbuch der Mathematik |
|
| 250 | _aWyd. 3 popr. | ||
| 260 |
_aWarszawa : _bPaństwowe Wydawnictwo Naukowe, _c1968. |
||
| 300 |
_a856 s., [1] k. tabl. : _bil. ; _c18 cm. |
||
| 380 | _aKsiążki | ||
| 504 | _aIndeks. | ||
| 650 | 4 | _aMatematyka | |
| 655 | 4 | _aPodręcznik | |
| 700 | 1 |
_aSemendâev, Konstantin Adol'fovič _d(1908-1988). _eAutor |
|
| 700 | 1 |
_aBartoszyński, Robert _d(1933-1998) _eTłumaczenie |
|
| 700 | 1 |
_aCzarnecki, Stefan _d(1925-1982). _eTłumaczenie |
|
| 710 | 2 |
_aPaństwowe Wydawnictwo Naukowe _4pbl. |
|
| 856 |
_uhttp://koha.tu.koszalin.pl/cgi-bin/koha/opac-detail.pl?biblionumber=8650 _yKatalog online BPK |
||
| 942 |
_2UKD _cKS |
||
| 999 |
_c8650 _d8650 |
||